| 000 | 00612cam a22002291 4500 | ||
|---|---|---|---|
| 001 | sa 66004081 | ||
| 003 | DLC | ||
| 005 | 20260227112240.0 | ||
| 008 | 960326s1964 io b 000 0 ind | ||
| 010 | _asa 66004081 | ||
| 035 | _a(OCoLC)34461571 | ||
| 040 |
_aDLC _cWU _dDLC |
||
| 042 | _apremarc | ||
| 050 | 0 | 0 |
_aBP163 _b.A27 1964 |
| 100 | 0 | _aAbu Ferik ibn Muttalib. | |
| 245 | 1 | 0 | _aInilah Islam, sketsa beberapa aspect dari Islam. |
| 250 | _aTjet. 2. | ||
| 260 |
_aDjakarta, _bEndang, _c1964. |
||
| 300 |
_a43 p. _c19 cm. |
||
| 504 | _aBibliography: p. 43. | ||
| 650 | 0 |
_aIslam _vHandbooks, manuals, etc. |
|
| 999 |
_c69232 _d69232 |
||